[Event "BIH-chT1 30th"]
[Site "Gorazde"]
[Date "2023.08.30"]
[Round "7.4"]
[White "Mahmutbegovic, Midhat"]
[Black "Jakovac, Josip"]
[Result "1/2-1/2"]
[WhiteElo "1996"]
[BlackElo "1969"]
[PlyCount "20"]
[EventDate "2023.08.26"]
[EventType "team-tourn"]
[EventRounds "9"]
[EventCountry "BIH"]
[SourceTitle "CBM 216 Extra"]
[Source "ChessBase"]
[SourceDate "2023.11.30"]
[SourceVersion "1"]
[SourceVersionDate "2023.11.30"]
[SourceQuality "1"]

1. e4 d6 2. d4 g6 3. Nf3 Bg7 4. Be3 Nd7 5. Nc3 e6 6. Qd2 h6 7. 0-0-0 a6 8. Bc4 Ne7 9. Bb3 b5 10. h4 Bb7 1/2-1/2

[Event "BIH-chT1 30th"]
[Site "Gorazde"]
[Date "2023.08.30"]
[Round "8.4"]
[White "Stavnjak, Lazar"]
[Black "Mahmutbegovic, Midhat"]
[Result "1-0"]
[WhiteElo "2163"]
[BlackElo "1996"]
[PlyCount "81"]
[EventDate "2023.08.26"]
[EventType "team-tourn"]
[EventRounds "9"]
[EventCountry "BIH"]
[SourceTitle "CBM 216 Extra"]
[Source "ChessBase"]
[SourceDate "2023.11.30"]
[SourceVersion "1"]
[SourceVersionDate "2023.11.30"]
[SourceQuality "1"]

1. e4 c6 2. d4 d5 3. Nc3 dxe4 4. Nxe4 Nd7 5. Nf3 Ngf6 6. Nxf6+ Nxf6 7. h3 Bf5 8. Bd3 Bxd3 9. Qxd3 e6 10. Bd2 Qc7 11. 0-0 Bd6 12. Rfe1 Rd8 13. Qe2 0-0 14. c4 Rfe8 15. Bc3 Qe7 16. a3 a6 17. a4 Bb4 18. Qc2 a5 19. Rad1 Bxc3 20. bxc3 Qc7 21. Rb1 c5 22. dxc5 Nd7 23. Ng5 g6 24. Ne4 Re7 25. Red1 f5 26. Rxd7 Rdxd7 27. Nf6+ Kf7 28. Nxd7 Rxd7 29. Rb5 Qf4 30. Qe2 Qc1+ 31. Kh2 Qxc3 32. Rb6 e5 33. Qe3 Qd4 34. Qh6 Ke8 35. c6 bxc6 36. Rxc6 Rd8 37. f3 Kd7 38. Ra6 Qf4+ 39. Qxf4 exf4 40. Rxa5 Rc8 41. c5 1-0

[Event "Lukavac op 8th"]
[Site "Lukavac"]
[Date "2019.11.24"]
[Round "4"]
[White "Mahmutbegovic, Midhat"]
[Black "Imamovic, Smail"]
[Result "0-1"]
[WhiteElo "2031"]
[BlackElo "1890"]
[PlyCount "58"]
[EventDate "2019.11.22"]
[EventType "swiss"]
[EventRounds "7"]
[EventCountry "BIH"]
[SourceTitle "CBM 193 Extra"]
[Source "ChessBase"]
[SourceDate "2020.01.31"]
[SourceVersion "1"]
[SourceVersionDate "2020.01.31"]
[SourceQuality "1"]

1. e4 e5 2. Nf3 Nc6 3. Bb5 Bc5 4. 0-0 Nge7 5. c3 0-0 6. d4 exd4 7. cxd4 Bb6 8. h3 d6 9. Nc3 a6 10. Bc4 Na5 11. Bd3 d5 12. exd5 Nxd5 13. Re1 Nc6 14. Nxd5 Qxd5 15. Be4 Qd6 16. Be3 Ne7 17. Qb3 h6 18. Rad1 Nf5 19. Bd2 a5 20. Bc3 Qd7 21. Ne5 Qd8 22. Bd5 Nd6 23. Re3 a4 24. Qa3 Nf5 25. Bxf7+ Rxf7 26. Nxf7 Kxf7 27. Rf3 Kg8 28. d5 Bd7 29. Re1 Qg5 0-1

[Event "Lukavac op 8th"]
[Site "Lukavac"]
[Date "2019.11.23"]
[Round "3"]
[White "Lapo, Safet"]
[Black "Mahmutbegovic, Midhat"]
[Result "0-1"]
[WhiteElo "1760"]
[BlackElo "2031"]
[PlyCount "98"]
[EventDate "2019.11.22"]
[EventType "swiss"]
[EventRounds "7"]
[EventCountry "BIH"]
[SourceTitle "CBM 193 Extra"]
[Source "ChessBase"]
[SourceDate "2020.01.31"]
[SourceVersion "1"]
[SourceVersionDate "2020.01.31"]
[SourceQuality "1"]

1. d4 d5 2. Nf3 Nf6 3. Bf4 Bg4 4. e3 e6 5. Be2 Bd6 6. Bxd6 Qxd6 7. c3 Nbd7 8. Nbd2 0-0 9. 0-0 c5 10. h3 Bxf3 11. Nxf3 c4 12. Nd2 b5 13. Bf3 Rab8 14. Re1 Rfc8 15. e4 dxe4 16. Nxe4 Nxe4 17. Rxe4 a5 18. a3 Re8 19. Re3 Rbd8 20. Qc2 e5 21. Rd1 exd4 22. Rxd4 Qc7 23. Qd2 Nc5 24. Qe2 Kf8 25. g3 Rxe3 26. Qxe3 Re8 27. Qf4 Re1+ 28. Kg2 Qxf4 29. Rxf4 Nd3 30. Rf5 Rb1 31. Rxb5 Ne1+ 32. Kf1 Nxf3+ 33. Ke2 Ne1 34. Rc5 Nc2 35. Kd2 Na1 36. Rxc4 Rxb2+ 37. Ke3 Ra2 38. Ra4 Rxa3 39. Rxa3 Nc2+ 40. Kd3 Nxa3 41. c4 Ke7 42. Kc3 Kd6 43. Kb3 Nb1 44. Kc2 Kc5 45. Kxb1 Kxc4 46. Kc2 Kd4 47. Kb3 Ke4 48. Ka4 Kf3 49. Kxa5 Kxf2 0-1

[Event "Lukavac op 8th"]
[Site "Lukavac"]
[Date "2019.11.23"]
[Round "2"]
[White "Sakic, Dino"]
[Black "Mahmutbegovic, Midhat"]
[Result "1-0"]
[WhiteElo "1801"]
[BlackElo "2031"]
[PlyCount "65"]
[EventDate "2019.11.22"]
[EventType "swiss"]
[EventRounds "7"]
[EventCountry "BIH"]
[SourceTitle "CBM 193 Extra"]
[Source "ChessBase"]
[SourceDate "2020.01.31"]
[SourceVersion "1"]
[SourceVersionDate "2020.01.31"]
[SourceQuality "1"]

1. e4 c6 2. d4 d5 3. exd5 cxd5 4. Bd3 Nf6 5. Bf4 Nc6 6. c3 Bg4 7. Nf3 e6 8. Qb3 Qc8 9. Nbd2 Bxf3 10. Nxf3 Be7 11. 0-0 0-0 12. Rae1 a6 13. Qc2 b5 14. a3 Qb7 15. Bg5 g6 16. Qe2 Nh5 17. Bc1 Qc7 18. Ne5 Nxe5 19. dxe5 Bc5 20. Qg4 Rab8 21. Be3 Rfc8 22. Bxc5 Qxc5 23. Re3 Qe7 24. Rh3 Ng7 25. Qf4 Ne8 26. Re1 Rb6 27. Ree3 f5 28. Rh6 Rb7 29. Reh3 Qd8 30. g4 Rg7 31. Rg3 fxg4 32. Qxg4 Nc7 33. Bxg6 1-0

[Event "BIH-chT1"]
[Site "Neum"]
[Date "2008.08.24"]
[Round "3.2"]
[White "Mahmutbegovic, Midhat"]
[Black "Miskic, Sejfudin"]
[Result "0-1"]
[WhiteElo "2088"]
[BlackElo "2154"]
[PlyCount "98"]
[EventDate "2008.08.23"]
[EventType "team-tourn"]
[EventRounds "9"]
[EventCountry "BIH"]
[SourceTitle "CBM 126 Extra"]
[Source "ChessBase"]
[SourceDate "2008.11.05"]
[SourceVersion "1"]
[SourceVersionDate "2008.11.05"]
[SourceQuality "1"]

1. e4 c5 2. Nf3 a6 3. g3 Nc6 4. Bg2 g6 5. 0-0 Bg7 6. c3 d6 7. h3 Nf6 8. Re1 0-0 9. d4 Bd7 10. e5 Ne8 11. exd6 exd6 12. dxc5 dxc5 13. Be3 b6 14. Nbd2 Nd6 15. Bf4 Nb7 16. Nc4 Rc8 17. Nfe5 Nxe5 18. Nxe5 Bxe5 19. Bxb7 Bxf4 20. Bxc8 Qxc8 21. gxf4 Bxh3 22. Qf3 c4 23. Re5 Bg4 24. Qe3 Qc6 25. Re1 Be6 26. Qd4 b5 27. R1e3 Qc8 28. Rc5 Qb8 29. f5 Rd8 30. Qe5 Qxe5 31. Rcxe5 gxf5 32. f4 Kg7 33. Rg3+ Kf6 34. Re2 Rd1+ 35. Kf2 Rh1 36. Ke3 Ke7 37. Rgg2 Rh3+ 38. Kd2 Kd6 39. Rh2 Rg3 40. Rxh7 Rf3 41. Rh4 a5 42. Ke1 b4 43. cxb4 axb4 44. Rf2 Rg3 45. Rh8 Kc5 46. Rd8 Rg1+ 47. Kd2 Ra1 48. Ra8 Kd4 49. Re2 Bd5 0-1

[Event "DDS League and op 12th"]
[Site "Tuzla"]
[Date "2006.09.17"]
[Round "4"]
[White "Runic, Zoran"]
[Black "Mahmutbegovic, Midhat"]
[Result "1-0"]
[WhiteElo "2427"]
[BlackElo "2086"]
[PlyCount "65"]
[EventDate "2006.09.15"]
[EventType "team-tourn"]
[EventRounds "9"]
[EventCountry "BIH"]
[SourceTitle "CBM 114 Extra"]
[Source "ChessBase"]
[SourceDate "2006.11.03"]
[SourceVersion "1"]
[SourceVersionDate "2006.11.03"]
[SourceQuality "1"]

1. e4 e6 2. d4 d5 3. e5 c5 4. c3 Nc6 5. Nf3 Qb6 6. a3 c4 7. Nbd2 f6 8. Be2 fxe5 9. dxe5 Nh6 10. 0-0 Nf7 11. b3 cxb3 12. Nxb3 Nfxe5 13. Nxe5 Nxe5 14. Re1 Bd6 15. Bh5+ g6 16. Be3 Qc7 17. Nd4 Bd7 18. Be2 a6 19. f4 Nc4 20. Bc1 0-0 21. Bg4 e5 22. Be6+ Bxe6 23. Nxe6 Qb6+ 24. Kh1 Qc6 25. Nxf8 Rxf8 26. fxe5 Bxe5 27. Bh6 Rf5 28. Rf1 Bxc3 29. Rc1 Bb2 30. Rb1 Qf6 31. Qd3 b5 32. g4 Nxa3 33. gxf5 1-0

[Event "DDS League and op 12th"]
[Site "Tuzla"]
[Date "2006.09.16"]
[Round "3"]
[White "Mahmutbegovic, Midhat"]
[Black "Trumic, Enes"]
[Result "1/2-1/2"]
[WhiteElo "2086"]
[BlackElo "2295"]
[PlyCount "37"]
[EventDate "2006.09.15"]
[EventType "team-tourn"]
[EventRounds "9"]
[EventCountry "BIH"]
[SourceTitle "CBM 114 Extra"]
[Source "ChessBase"]
[SourceDate "2006.11.03"]
[SourceVersion "1"]
[SourceVersionDate "2006.11.03"]
[SourceQuality "1"]

1. e4 e5 2. Nf3 Nc6 3. Bb5 Nf6 4. 0-0 Nxe4 5. Re1 Nd6 6. Nxe5 Nxe5 7. Rxe5+ Be7 8. Bf1 0-0 9. d4 Bf6 10. Re1 Nf5 11. c3 d5 12. Nd2 Re8 13. Rxe8+ Qxe8 14. Bd3 Bd7 15. Nf3 c5 16. dxc5 Rc8 17. g4 Nh4 18. Nxh4 Bxh4 19. Be3 1/2-1/2